00856nam a2200181 a 450000100100000000500170001000800410002704000250006808200150009310000370010824500990014526000330024430000200027771000690029795201720036695201190053899900170065700004558620250221073755.0150415s1998 dr 000 0 spa d aDO-SdBNPbspacBNPHU axxxxbxxxx1 aPérez, Maritza Rossi de96461810aPor un sistema nacional de información :bdiscurso y propuestas /cMaritza Rossi de Pérez. aSanto Domingo :bONE,c1998. a65 p. ;c21 cm.12aRepública Dominicana.bOficina Nacional de Estadística95775 0010718PDaPDbPDcCTd2015-04-15iLF1l0oxxxx xxxxp45586-10r2020-06-25w2020-06-25yLFPDzPerteneció a la biblioteca personal de Erick Landestoy.ZNo se presta 0011718PDaPDbPDcMId2015-05-12iLF1l0oxxxx xxxxp45586-20r2020-06-25te. 2w2020-06-25yLFPDZNo se presta c45075d45075